00441nam a2200193Ia 4500003000900000008004100009040001300050040001300063041000800076100001600084245006000100250001100160260001400171260000900185300001100194300001000205490002300215490000900238IT-RoPAU120407s9999 xx 000 0 und d aIT-RoPAU cIT-RoPAU aita aJean Vanier aLi fece uomo e donna. Per una vita d’amore autentica. aMilano aJaca Book c1986 a190 p. c23 cm aGià e non ancora v1130